000 00712nam a22002177a 4500
003 OSt
005 20150116154737.0
008 150116b xxu||||| |||| 00| 0 eng d
020 _a0632029072
040 _cDNLM
082 _aWB 141 L494 1991
245 _aLecture notes on Clinical Investigation./
_cEdited by Derek Maclean , Malcolm Bateson & Christopher Pennington.
260 _aLondon :
_bBlackwell Scientific Publications ;
_c1991.
300 _ax, 229 p :
_bill;
_c27 cm
504 _aIncludes index.
650 _aClinical Investigation
_92468
700 _4Editor
_aMaclean Derek
_92469
700 _4Editor
_aBateson Malcolm
_92470
700 _4Editor
_aPennington Christopher.
_92471
942 _2z
_cSLOAN
999 _c920
_d920